Top 50 Goal Scorers in Serie A - Statistics

General Stats
  • This quiz has been taken 611 times
  • The average score is 17 of 51
Answer Stats
Goals Years Active in Serie A Player Teams % Correct
250 1992-2017 Francesco Totti 250 Roma
93%
188 1993-2006,2007-2012 Alessandro Del Piero 188 Juventus
88%
156 1995-2012 Filippo Inzaghi 2 Parma, 24 Atalanta, 57 Juventus, 73 Milan
77%
156 2004-2009,2010-2012,2020-2023 Zlatan Ibrahimovic 23 Juventus, 57 Inter, 76 Milan
77%
198 2008-2010,2012-2014,2016- Ciro Immobile 5 Genoa, 27 Torino, 166 Lazio
76%
205 1985-2004 Roberto Baggio 39 Fiorentina, 78 Juventus, 12 Milan, 22 Bologna, 9 Inter, 45 Brescia
74%
209 2002-2016 Antonio Di Natale 18 Empoli, 191 Udinese
68%
125 2013-2018,2019-2020 Gonzalo Higuaín 71 Napoli, 48 Juventus, 6 Milan
63%
157 2000-2003,2004-2007,2010-2011,2012-2016 Luca Toni 9 Vicenza, 15 Brescia, 20 Palermo, 55 Fiorentina, 5 Roma, 3 Genoa, 2 Juventus, 48 Verona
62%
127 1999-2006,2008-2009 Andriy Shevchenko 127 Milan
61%
142 1991-1997,1998-2005,2006-2009 Christian Vieri 1 Torino, 11 Atalanta, 8 Juventus, 12 Lazio, 103 Inter, 1 Milan, 6 Fiorentina
60%
183 1991-1993,1994-2003 Gabriel Batistuta 151 Fiorentina, 30 Roma, 2 Inter
60%
153 1996-2003,2004-2005,2006-2012 Hernán Crespo 72 Parma, 39 Lazio, 27 Inter, 10 Milan, 5 Genoa
54%
181 1999-2000,2001-2002,2005-2023 Fabio Quagliarella 3 Ascoli, 102 Sampdoria, 25 Udinese, 11 Napoli, 23 Juventus, 18 Torino
53%
123 2000-2010 David Trezeguet 123 Juventus
52%
216 1929-1943,1946-1947 Giuseppe Meazza 197 Inter, 9 Milan, 10 Juventus
52%
123 1984-1996 Gianluca Vialli 85 Sampdoria, 38 Juventus
46%
156 1964-1976 Gigi Riva 156 Cagliari
43%
188 1999-2014,2015-2017 Alberto Gilardino 3 Piacenza, 5 Verona, 50 Parma, 36 Milan, 52 Fiorentina, 19 Genoa, 13 Bologna, 10 Palermo
40%
156 1981-2000 Roberto Mancini 9 Bologna, 132 Sampdoria, 15 Lazio
40%
225 1949-1958 Gunnar Nordahl 210 Milan, 15 Roma
35%
274 1929-1943,1946-1947,1948-1954 Silvio Piola 51 Pro Vercelli, 143 Lazio, 10 Juventus, 70 Novara
35%
128 1958-1979 Gianni Rivera 6 Alessandria, 122 Milan
33%
188 1991-2004 Giuseppe Signori 11 Foggia, 107 Lazio, 3 Sampdoria, 67 Bologna
29%
141 1996-2009 Vincenzo Montella 58 Sampdoria, 83 Roma
29%
142 1994-2004,2008-2012 Marco Di Vaio 3 Lazio, 12 Salernitana, 41 Parma, 18 Juventus, 3 Genoa, 65 Bologna
25%
147 1957-1969 Omar Sívori 135 Juventus, 12 Napoli
25%
138 1988-1989,1992-1993,1994-2008 Enrico Chiesa 24 Sampdoria, 14 Cremonese, 33 Parma, 34 Fiorentina, 2 Lazio, 32 Siena
24%
216 1958-1976 José Altafini 120 Milan, 71 Napoli, 25 Juventus
23%
178 1946-1961 Giampiero Boniperti 178 Juventus
20%
132 1977-1989 Alessandro Altobelli 128 Inter, 4 Juventus
19%
129 1970-1983 Roberto Bettega 129 Juventus
17%
130 1973-1987 Francesco Graziani 97 Torino, 14 Fiorentina, 12 Roma, 7 Udinese
15%
162 1965-1979 Roberto Boninsegna 5 Varese, 23 Cagliari, 113 Inter, 22 Juventus
15%
133 1973-1989 Roberto Pruzzo 27 Genoa, 106 Roma
15%
142 1967-1985 Paolo Pulici 134 Torino, 5 Udinese, 3 Fiorentina
12%
190 1956-1971 Kurt Hamrin 8 Juventus, 20 Padova, 150 Fiorentina, 9 Milan, 3 Napoli
10%
153 1948-1956 István Nyers 133 Inter, 20 Roma
7%
174 1936-1943,1946-1956 Amedeo Amadei 85 Roma, 42 Inter, 47 Napoli
6%
168 1965-1980 Giuseppe Savoldi 17 Atalanta, 96 Bologna, 55 Napoli
6%
131 1932-1947 Felice Borel 124 Juventus, 7 Torino
5%
164 1934-1943,1946-1949 Guglielmo Gabetto 84 Juventus, 80 Torino
5%
139 1948-1955 John Hansen 124 Juventus, 15 Lazio
4%
142 1947-1959 Benito Lorenzi 138 Inter, 4 Alessandria
3%
130 1955-1969 Ezio Pascutti 130 Bologna
3%
155 1955-1968 Luís Vinício 69 Napoli, 17 Bologna, 68 Lanerossi Vicenza, 1 Inter
3%
136 1952-1965 Sergio Brighenti 20 Inter, 13 Triestina, 50 Padova, 43 Sampdoria, 10 Modena
3%
149 1946-1958 Adriano Bassetto 92 Sampdoria, 56 Atalanta, 1 Vicenza
2%
155 1929-1943,1947-1948 Carlo Reguzzoni 14 Pro Patria, 141 Bologna
2%
124 1929-1950 Pietro Ferraris II 20 Pro Vercelli, 13 Napoli, 43 Inter, 28 Torino, 20 Novara
2%
123 1947-1959 Renzo Burini 88 Milan, 35 Lazio
1%
No matching quizzes found
Score Distribution
Percent of People with Each Score
Percentile by Number Answered
Your Score History
You have not taken this quiz